| Registos Bibliográficos associados ao registo de autoridade |
|
Etiqueta de registo: 00254nam 2200025 450 001 2285519 003 http://id.bnportugal.gov.pt/bib/catbnp/2285519 010 ## $a978-989-9216-46-4 021 ## $aPT$b559022/26 100 ## $a20260429d2026 m y0pory01030103ba 101 1# $apor$cfre 102 ## $aPT 105 ## $ay z 000yy 106 ## $ar 200 1# $a A segunda mulher$e o que as actrizes fazem na velhice$fMurielle Joudet$gtrad. Isabel Lopes 205 ## $a1ª ed 210 #9 $aLisboa$cZigurate,$d2026 215 ## $a167, [1] p.$d23 cm 304 ## $aTít. orig.: La seconde femme - ce que les actrices font à la vieillesse 700 #1 $aJoudet,$bMurielle,$f1991-$31997315 702 #1 $94$aLopes,$bIsabel$4730$31785980 801 #0 $aPT$bBN$gRPC 966 ## $lBN$mFGMON$x1 966 ## $lBN$mFGMON$x1 971 ## $corlando$d20260429
|
|
|